Completion of Ontologies and Ontology Networks.

Bibliographic Details
Main Author: Dragisic, Zlatan.
Format: eBook
Language:English
Published: Linköping : Linkopings Universitet, 2017.
Edition:1st ed.
Series:Linköping Studies in Science and Technology. Dissertations Series
Subjects:
Online Access:Click to View
LEADER 01914nam a22003853i 4500
001 EBC4987500
003 MiAaPQ
005 20240729202202.0
006 m o d |
007 cr cnu||||||||
008 240729s2017 xx o ||||0 eng d
020 |a 9789176855225  |q (electronic bk.) 
035 |a (MiAaPQ)EBC4987500 
035 |a (Au-PeEL)EBL4987500 
035 |a (CaPaEBR)ebr11429553 
035 |a (OCoLC)1002700609 
040 |a MiAaPQ  |b eng  |e rda  |e pn  |c MiAaPQ  |d MiAaPQ 
100 1 |a Dragisic, Zlatan. 
245 1 0 |a Completion of Ontologies and Ontology Networks. 
250 |a 1st ed. 
264 1 |a Linköping :  |b Linkopings Universitet,  |c 2017. 
264 4 |c {copy}2017. 
300 |a 1 online resource (87 pages) 
336 |a text  |b txt  |2 rdacontent 
337 |a computer  |b c  |2 rdamedia 
338 |a online resource  |b cr  |2 rdacarrier 
490 1 |a Linköping Studies in Science and Technology. Dissertations Series ;  |v v.1852 
505 0 |a Intro -- Abstract -- Populärvetenskaplig sammanfattning -- Acknowledgements -- List of publications -- Contents -- Part I Summary -- Chapter 1 Introduction -- Chapter 2 Background -- Chapter 3 Summary of papers -- Chapter 4 Related work -- Chapter 5 Conclusions and FutureWork -- Bibliography. 
588 |a Description based on publisher supplied metadata and other sources. 
590 |a Electronic reproduction. Ann Arbor, Michigan : ProQuest Ebook Central, 2024. Available via World Wide Web. Access may be limited to ProQuest Ebook Central affiliated libraries.  
655 4 |a Electronic books. 
776 0 8 |i Print version:  |a Dragisic, Zlatan  |t Completion of Ontologies and Ontology Networks  |d Linköping : Linkopings Universitet,c2017 
797 2 |a ProQuest (Firm) 
830 0 |a Linköping Studies in Science and Technology. Dissertations Series 
856 4 0 |u https://ebookcentral.proquest.com/lib/matrademy/detail.action?docID=4987500  |z Click to View